000 00376nam a2200133Ia 4500
008 220217s9999||||xx |||||||||||||| ||und||
020 _a0-07-462135-1
082 _a629.8 GOP
100 _aNagrath, I.J. Gopal, M
245 0 _aControl systems engineering
260 _aNew age international private, Ltd.
_bBangalore
_c2008
300 _b375
650 _aCONTROL SYSTEM
999 _c175612
_d175612